000 00626nam a2200193Ia 4500
008 151121s9999||||xx |||||||||||||| ||und||
082 _a818/भावे
082 _bHNW-59595
100 _aपाचशे सुविचर
245 _aभावे ह। अ।
260 _b"वरदा बुक्स सेनापती बापट मार्ग , पुणे"
260 _c--
300 _a116
600 _aपाचशे सुविचर
630 _aभावे ह। अ।
700 _aपाचशे सुविचर
730 _aभावे ह। अ।
942 _cBOOK
999 _c1241297
_d1241294